Statistics for People by clue 2 (R.I.P edition)

Click here to take the quiz!

General Stats

  • This quiz has been taken 13 times
  • The average score is 6 of 8

Answer Stats

CluePerson% Correct
initials M.JMichael Jackson
100%
Greatest soccer player ever PeriodPelé
100%
Princess of Wales 1994Princess Diana
100%
David wore a BowDavid Bowie
85%
I was NirvanaKurt Cobain
85%
I was the Joker in 2008Heath Ledger
77%
I had one JobbSteve Jobbs
77%
I was named after a city in texasWhitney Huston
0%

Score Distribution

Percentile by Number Answered

Percent of People with Each Score

Your Score History

You have not taken this quiz